Kursus pengurusan perolehan kerajaan : 13 - 15 Mac 2017

Bibliographic Details
Corporate Authors: Kursus pengurusan perolehan kerajaan, INSPEN ( Institut Penilaian Negara )
Format: Book
Language:Malay
Subjects:

MARC

LEADER 00000cam a2200000 7i4500
001 0000027821
005 20180222.0
008 180208 my a may
040 |a INS   |b eng   |c INS   |e rda 
090 0 0 |a E33 
110 1 |a Kursus pengurusan perolehan kerajaan ,   |d 2017 13 - 15 Mac   |c INSPEN, Bangi 
245 0 0 |a Kursus pengurusan perolehan kerajaan :   |b 13 - 15 Mac 2017   |c Anjuran Pusat Pembangunan Profesional, INSPEN 
264 0 |a Bangi :   |b Institut Penilaian Negara   |c 2017 
300 |a 1 volume (Various pagings) :   |b illustration ;   |c 30 cm. 
336 |a text  |2 rdacontent 
337 |a unmediated  |2 rdamedia 
338 |a volume  |2 rdacarrier 
650 0 |a Financial management 
650 0 |a Government purchasing   |z Malaysia 
710 1 |a INSPEN ( Institut Penilaian Negara ) 
999 |a E000000082   |b BOOK   |c Course Notes   |e Default branch